Callar al mensajero : (Record no. 178450)

MARC details
000 -LEADER
campo de control de longitud fija 01231nam a2200325 4500
001 - NÚMERO DE CONTROL
campo de control 178450
003 - IDENTIFICADOR DE NÚMERO DE CONTROL
campo de control ES-MaACL
005 - FECHA Y HORA DE LA ÚLTIMA TRANSACCIÓN
campo de control 20251003063154.0
008 - DATOS DE LONGITUD FIJA--INFORMACIÓN GENERAL
campo de control de longitud fija 110530s2009 sp |||| |dspa d
020 ## - NÚMERO INTERNACIONAL ESTÁNDAR DEL LIBRO
Número Internacional Estándar del Libro 978-84-8307-889-1
080 ## - NÚMERO DE LA CLASIFICACIÓN DECIMAL UNIVERSAL
Número de la Clasificación Decimal Universal 323.281(460)"1939/75"
080 ## - NÚMERO DE LA CLASIFICACIÓN DECIMAL UNIVERSAL
Número de la Clasificación Decimal Universal 342.727(460)
080 ## - NÚMERO DE LA CLASIFICACIÓN DECIMAL UNIVERSAL
Número de la Clasificación Decimal Universal 347.121.1(460)
080 ## - NÚMERO DE LA CLASIFICACIÓN DECIMAL UNIVERSAL
Número de la Clasificación Decimal Universal 94(460)"1939/75":930.1
100 1# - ENTRADA PRINCIPAL--NOMBRE DE PERSONA
Nombre de persona Espinosa Maestre, Francisco,
Fechas asociadas al nombre 1954-
9 (RLIN) 47916
245 10 - MENCIÓN DEL TÍTULO
Título Callar al mensajero :
Resto del título la represión franquista, entre la libertad de información y el derecho al honor /
Mención de responsabilidad, etc. Francisco Espinosa Maestre ; [prólogo de Rafael Escudero Alday].
250 ## - MENCION DE EDICION
Mención de edición 1ª ed.
260 ## - PUBLICACIÓN, DISTRIBUCIÓN, ETC.
Lugar de publicación, distribución, etc. Barcelona :
Nombre del editor, distribuidor, etc. Península,
Fecha de publicación, distribución, etc. 2009.
300 ## - DESCRIPCIÓN FÍSICA
Extensión 252 p. ;
Dimensiones 21 cm.
490 1# - MENCIÓN DE SERIE
Mención de serie Atalaya ;
Designación de volumen o secuencia 360
650 #4 - PUNTO DE ACCESO ADICIONAL DE MATERIA--TÉRMINO DE MATERIA
Término de materia o nombre geográfico como elemento de entrada Represión política-
Subdivisión geográfica España-
Subdivisión cronológica 1939-1975.
9 (RLIN) 145752
650 #4 - PUNTO DE ACCESO ADICIONAL DE MATERIA--TÉRMINO DE MATERIA
Término de materia o nombre geográfico como elemento de entrada Libertad de información-
Subdivisión geográfica España.
9 (RLIN) 14409
650 ## - PUNTO DE ACCESO ADICIONAL DE MATERIA--TÉRMINO DE MATERIA
Término de materia o nombre geográfico como elemento de entrada Juicios sobre el honor-
Subdivisión geográfica España.
9 (RLIN) 146808
651 #4 - PUNTO DE ACCESO ADICIONAL DE MATERIA--NOMBRE GEOGRÁFICO
Nombre geográfico España-
Subdivisión general Historia-
Subdivisión cronológica 1939-1975, Dictadura-
Subdivisión de forma Historiografía.
9 (RLIN) 146809
700 1# - ENTRADA AGREGADA--NOMBRE PERSONAL
Nombre de persona Escudero Alday, Rafael.
9 (RLIN) 47699
830 1# - PUNTO DE ACCESO ADICIONAL DE SERIE-TÍTULO UNIFORME
Título uniforme Atalaya ;
Designación de volumen o secuencia 360
9 (RLIN) 180261
852 4# - LOCALIZACIÓN
Ubicación ES-MaACL
Número de control de estantería A-11259
itemnumber 185310
Sublocalización o colección R.145735
Ubicación en estantería Depósito 1
Signatura antigua Olim: N-4263
942 ## - ELEMENTOS DE ENTRADA SECUNDARIOS (KOHA)
Fuente del sistema de clasificación o colocación Clasificación decimal universal
Holdings
Estatus retirado Estado de pérdida Fuente del sistema de clasificación o colocación Estado de daño No para préstamo Biblioteca de origen Biblioteca actual Ubicación en estantería Fecha de adquisición Fuente de adquisición Total de préstamos Signatura topográfica completa Código de barras Visto por última vez Precio de reemplazo Tipo de ítem Koha
    Clasificación decimal universal     Biblioteca del Ateneo de Madrid Biblioteca del Ateneo de Madrid Depósito 1 30/05/2011 Compra   A-11259 1187451 23/02/2023 23/02/2023 Libro impreso